00802nam a22002297a 450000500170000001000130001702000230003003500130005303700160006604000120008208200160009410000250011024500980013526000290023327000350026230000250029765000370032265000370035994200250039699900190042195201320044020170124110216.0 aA-706961 c350.00a8185173591 aA-706961 bCen Lib/Ret aDPLbEN a954.01bKHA aKhanna, C. P.926042 aIndian educational and cultural life : cby C. P. Khannabfrom early periods to middle ages / bDoaba Housec1994aDelhi a1688, Nai SarakbDelhie110006 avi, 303p. c21cm(Hb) aAncient -- Indian History939098 aIndus Valley Civilization939099 2ddccENh954.01mKHA c133854d133854 001040718REFaLbLd2015-07-28eCen Lib/Retg350.00l0o954.01 KHApA-706961r2015-07-28 00:00:00t1v350.00w2015-07-28yEN